Mobile Legends - Statistics

General Stats
  • This quiz has been taken 2,980 times
    820 since last reset
  • The average score is 71 of 130
Answer Stats
Answers: % Correct
Miya
88%
Layla
87%
Nana
76%
Alucard
75%
Angela
73%
Hayabusa
73%
Gusion
72%
Aamon
71%
Hanabi
71%
Tigreal
70%
Fanny
69%
Lancelot
69%
Lesley
69%
Alice
68%
Dyrroth
68%
Zilong
68%
Kagura
66%
Ling
66%
Vale
66%
Balmond
65%
Floryn
65%
Odette
65%
Argus
64%
Clint
64%
Estes
64%
Johnson
63%
Yin
63%
Harley
62%
Karina
62%
Saber
62%
Wanwan
62%
Yu Zhong
62%
Alpha
61%
Eudora
61%
Franco
61%
Harith
61%
Ixia
61%
Valir
61%
Akai
60%
Aurora
60%
Claude
60%
Granger
60%
Rafaela
60%
Vexana
60%
Belerick
59%
Xavier
58%
Atlas
57%
Bruno
57%
Chou
57%
Grock
57%
Melissa
57%
Diggie
56%
Pharsa
56%
Selena
56%
Badang
55%
Bane
55%
Baxia
55%
Cecilion
55%
Gord
55%
Hanzo
55%
Zhuxin
55%
Aldous
54%
Chang'e
54%
Freya
54%
Kadita
54%
Moskov
54%
Ruby
54%
Zetian
54%
Beatrix
53%
Carmilla
53%
Cyclops
53%
Julian
53%
Sun
53%
Yi Sun Shin
53%
Brody
52%
Cici
52%
Esmeralda
52%
Lapu-Lapu
52%
Lunox
52%
Minotaur
52%
Roger
52%
Thamuz
52%
Guinevere
51%
Helcurt
51%
Irithel
51%
Lylia
51%
Silvanna
51%
Gloo
50%
Karrie
49%
Khufra
49%
Natan
49%
X.Borg
49%
Aulus
48%
Faramis
48%
Hilda
48%
Luo Yi
48%
Yve
48%
Zhask
48%
Kimmy
47%
Uranus
47%
Benedetta
46%
Joy
46%
Kalea
46%
Lolita
46%
Nolan
46%
Arlott
45%
Fredrinn
45%
Hylos
45%
Natalia
45%
Gatotkaca
44%
Leomord
44%
Mathilda
44%
Popol and Kupa
44%
Suyou
44%
Chip
43%
Jawhead
42%
Kaja
42%
Terizla
42%
Paquito
41%
Valentina
41%
Edith
40%
Phoveus
40%
Novaria
39%
Barats
38%
Khaleed
38%
Martis
38%
Minsitthar
38%
Obsidia
38%
Lucas
36%
Masha
36%
No matching quizzes found
Score Distribution
Percent of People with Each Score
Percentile by Number Answered
Your Score History
You have not taken this quiz since the last reset